| 000 | 00431nam a2200157Ia 4500 | ||
|---|---|---|---|
| 008 | 210716s2005 xx 000 0 und d | ||
| 020 | _a81788151252 | ||
| 041 | _aeng | ||
| 082 | _a332.17 RAOK | ||
| 100 | _aRao, Katuri Nageswara; Pahuja, Yash Paul | ||
| 245 |
_aIndian banking: emerging issues. _bEmerging issues. |
||
| 250 | _a1 | ||
| 260 |
_aHyderabad _bICFAI University Press _c2005 |
||
| 300 | _aix,190 | ||
| 650 | _aFinance | ||
| 999 |
_c199642 _d199642 |
||